A Tale of Two Cities Franchise - Statistics

General Stats
  • This quiz has been taken 12 times
  • The average score is 9 of 11
Answer Stats
Type Year Name Info % Correct
Novel 1859 A Tale of Two Cities Charles Dickens
100%
Short Film 1911 A Tale of Two Cities General Film Company
100%
Film 1917 A Tale of Two Cities Fox Film Corporation
100%
Film 1922 A Tale of Two Cities British Exhibitors' Films
100%
Film 1935 A Tale of Two Cities MGM
100%
Play 1935 A Tale of Two Cities Terence Rattigan / John Gielgud
100%
Film 1958 A Tale of Two Cities Rank Film Distributors
100%
Film 1980 A Tale of Two Cities CBS
100%
Musical 2007 A Tale of Two Cities Jill Santoriello
100%
Musical 2006 Two Cities Howard Goodall
22%
Film 1926 The Only Way First National-Pathé Pictures
0%
No matching quizzes found
Score Distribution
Percent of People with Each Score
Percentile by Number Answered
Your Score History
You have not taken this quiz